<?xml version="1.0" encoding="UTF-8"?>
<record
    xmlns:xsi="http://www.w3.org/2001/XMLSchema-instance"
    xsi:schemaLocation="http://www.loc.gov/MARC21/slim http://www.loc.gov/standards/marcxml/schema/MARC21slim.xsd"
    xmlns="http://www.loc.gov/MARC21/slim">

  <leader>01278nam1a22003131i 4500</leader>
  <controlfield tag="001">v19\rc\2114252</controlfield>
  <controlfield tag="005">20240726004732.0</controlfield>
  <datafield tag="035" ind1=" " ind2=" ">
    <subfield code="a">(NLR Aleph) 005186993</subfield>
  </datafield>
  <datafield tag="090" ind1=" " ind2=" ">
    <subfield code="a">5174263</subfield>
    <subfield code="c">5174263</subfield>
  </datafield>
  <datafield tag="100" ind1=" " ind2=" ">
    <subfield code="a">20090914g18971899|||y0rusy50      ca</subfield>
  </datafield>
  <datafield tag="101" ind1="1" ind2=" ">
    <subfield code="a">rus</subfield>
    <subfield code="c">fre</subfield>
  </datafield>
  <datafield tag="102" ind1=" " ind2=" ">
    <subfield code="a">RU</subfield>
  </datafield>
  <datafield tag="105" ind1=" " ind2=" ">
    <subfield code="a">    z   |||||</subfield>
  </datafield>
  <datafield tag="200" ind1="1" ind2=" ">
    <subfield code="a">&#x41C;&#x438;&#x43A;&#x440;&#x43E;&#x431;&#x43D;&#x44B;&#x435; &#x431;&#x43E;&#x43B;&#x435;&#x437;&#x43D;&#x438; &#x436;&#x438;&#x432;&#x43E;&#x442;&#x43D;&#x44B;&#x445;</subfield>
    <subfield code="d">(Les maladi&#xE9;s microbiennes des animaux, par Ed. Nocard et E. Leclainche)</subfield>
    <subfield code="e">&#x41F;&#x435;&#x440;. &#x441; &#x444;&#x440;. &#x441; &#x434;&#x43E;&#x431;&#x430;&#x432;&#x43B;&#x435;&#x43D;&#x438;&#x44F;&#x43C;&#x438;. &#x412;&#x44B;&#x43F;. [1]-4</subfield>
    <subfield code="z">fre</subfield>
  </datafield>
  <datafield tag="210" ind1=" " ind2=" ">
    <subfield code="c">&#x422;&#x440;&#x435;&#x43D;&#x43A;&#x435; &#x438; &#x424;&#x44E;&#x441;&#x43D;&#x43E;</subfield>
    <subfield code="d">1897-1899</subfield>
  </datafield>
  <datafield tag="215" ind1=" " ind2=" ">
    <subfield code="a">4 &#x442;.</subfield>
    <subfield code="d">23</subfield>
  </datafield>
  <datafield tag="300" ind1=" " ind2=" ">
    <subfield code="a">&#x41F;&#x435;&#x440;&#x435;&#x434; &#x437;&#x430;&#x433;&#x43B;. &#x430;&#x432;&#x442;.: &#x41D;&#x43E;&#x43A;&#x430;&#x440; &#x438; &#x41B;&#x435;&#x43A;&#x43B;&#x44D;&#x43D;&#x448;</subfield>
  </datafield>
  <datafield tag="309" ind1=" " ind2=" ">
    <subfield code="a">&#x412;&#x44B;&#x43F;. 2-4 &#x431;&#x435;&#x437; &#x442;&#x438;&#x442;. &#x43B;.</subfield>
  </datafield>
  <datafield tag="320" ind1=" " ind2=" ">
    <subfield code="a">&#x411;&#x438;&#x431;&#x43B;&#x438;&#x43E;&#x433;&#x440;. &#x432; &#x43F;&#x440;&#x438;&#x43C;&#x435;&#x447;.</subfield>
  </datafield>
  <datafield tag="510" ind1="0" ind2=" ">
    <subfield code="a">(Les maladi&#xE9;s microbiennes des animaux, par Ed. Nocard et E. Leclainche)</subfield>
    <subfield code="z">fre</subfield>
  </datafield>
  <datafield tag="700" ind1=" " ind2="1">
    <subfield code="6">z01790</subfield>
    <subfield code="a">&#x41D;&#x43E;&#x43A;&#x430;&#x440;</subfield>
    <subfield code="b">&#x42D;.&#x418;.</subfield>
    <subfield code="f">1850-1903</subfield>
    <subfield code="g">&#x42D;&#x434;&#x43C;&#x43E;&#x43D; &#x418;&#x441;&#x438;&#x434;&#x43E;&#x440;</subfield>
  </datafield>
  <datafield tag="701" ind1=" " ind2="1">
    <subfield code="6">z02790</subfield>
    <subfield code="a">&#x41B;&#x435;&#x43A;&#x43B;&#x435;&#x43D;&#x448;</subfield>
    <subfield code="b">&#x42D;.</subfield>
    <subfield code="g">&#x42D;&#x43C;&#x43C;&#x430;&#x43D;&#x443;&#x44D;&#x43B;&#x44C;</subfield>
  </datafield>
  <datafield tag="790" ind1=" " ind2="1">
    <subfield code="6">z01700</subfield>
    <subfield code="a">&#x41D;&#x43E;&#x43A;&#x430;&#x440;</subfield>
    <subfield code="b">&#x42D;.</subfield>
    <subfield code="f">1850-1903</subfield>
    <subfield code="g">&#x42D;&#x434;&#x43C;&#x43E;&#x43D;&#x434;</subfield>
  </datafield>
  <datafield tag="790" ind1=" " ind2="1">
    <subfield code="6">z02701</subfield>
    <subfield code="a">&#x41B;&#x435;&#x43A;&#x43B;&#x44D;&#x43D;&#x448;</subfield>
    <subfield code="b">&#x42D;.</subfield>
    <subfield code="g">&#x42D;&#x43C;&#x43C;&#x430;&#x43D;&#x443;&#x44D;&#x43B;&#x44C;</subfield>
  </datafield>
  <datafield tag="801" ind1=" " ind2="0">
    <subfield code="a">RU</subfield>
    <subfield code="b">NLR</subfield>
    <subfield code="g">psbo</subfield>
  </datafield>
  <datafield tag="801" ind1=" " ind2="1">
    <subfield code="a">RU</subfield>
    <subfield code="b">ProSoft-M</subfield>
    <subfield code="2">rusmarc</subfield>
  </datafield>
  <datafield tag="852" ind1=" " ind2=" ">
    <subfield code="a">NLR</subfield>
    <subfield code="j">18.211.5.62</subfield>
  </datafield>
  <datafield tag="852" ind1=" " ind2=" ">
    <subfield code="a">NLR</subfield>
    <subfield code="j">2/229&#x43D;(&#x43F;&#x435;&#x440;&#x438;&#x43E;&#x434;.)</subfield>
  </datafield>
  <datafield tag="942" ind1=" " ind2=" ">
    <subfield code="c">BOOK</subfield>
  </datafield>
</record>
